The church in Taiwan, profile 1980 : (Record no. 988)
[ view plain ]
| 000 -LEADER | |
|---|---|
| fixed length control field | 00987pam a2200325 a 4500 |
| 001 - CONTROL NUMBER | |
| control field | 2736 |
| 003 - CONTROL NUMBER IDENTIFIER | |
| control field | GBCCL |
| 005 - DATE AND TIME OF LATEST TRANSACTION | |
| control field | 20241126110350.0 |
| 008 - FIXED-LENGTH DATA ELEMENTS--GENERAL INFORMATION | |
| fixed length control field | 810421s1981 caua b 00110 eng |
| 010 ## - | |
| -- | 81006140 |
| 020 ## - INTERNATIONAL STANDARD BOOK NUMBER | |
| International Standard Book Number | 0878081844 : |
| Terms of availability | $5.95 |
| 035 ## - SYSTEM CONTROL NUMBER | |
| System control number | OCM07552129 821016 |
| 039 0# - | |
| -- | 2 |
| -- | 3 |
| -- | 3 |
| -- | 3 |
| -- | 3 |
| 040 ## - CATALOGING SOURCE | |
| Original cataloging agency | DLC |
| Transcribing agency | DLC |
| Modifying agency | LBB |
| 043 ## - | |
| -- | a-ch--- |
| 049 ## - | |
| -- | LBBK |
| 050 0# - | |
| -- | BR1298 |
| -- | .S9 |
| 082 0# - DEWEY DECIMAL CLASSIFICATION NUMBER | |
| Classification number | 275.12498 |
| Edition information | 19 |
| Item number | SWA |
| 092 ## - LOCALLY ASSIGNED DEWEY CALL NUMBER (OCLC) | |
| Classification number | 275.1249 |
| Item number | S972 |
| 100 10 - MAIN ENTRY--PERSONAL NAME | |
| Personal name | Swanson, Allen J. |
| 9 (RLIN) | 1636 |
| 245 14 - TITLE STATEMENT | |
| Title | The church in Taiwan, profile 1980 : |
| Remainder of title | a review of the past, a projection for the future / |
| Statement of responsibility, etc. | Allen J. Swanson, assisted by Grace Lo. |
| 260 0# - PUBLICATION, DISTRIBUTION, ETC. | |
| Place of publication, distribution, etc. | Pasadena, Calif. : |
| Name of publisher, distributor, etc. | William Carey Library, |
| Date of publication, distribution, etc. | c1981. |
| 300 ## - PHYSICAL DESCRIPTION | |
| Extent | xxv, 440 p. : |
| Other physical details | ill. ; |
| Dimensions | 21 cm. |
| 500 ## - GENERAL NOTE | |
| General note | Includes index. |
| 504 ## - BIBLIOGRAPHY, ETC. NOTE | |
| Bibliography, etc. note | Bibliography: p. 434-438. |
| 650 #0 - SUBJECT ADDED ENTRY--TOPICAL TERM | |
| Topical term or geographic name entry element | Christianity |
| Geographic subdivision | Taiwan. |
| 9 (RLIN) | 1637 |
| 650 #0 - SUBJECT ADDED ENTRY--TOPICAL TERM | |
| Topical term or geographic name entry element | Church growth |
| Geographic subdivision | Taiwan. |
| 9 (RLIN) | 1638 |
| 700 10 - ADDED ENTRY--PERSONAL NAME | |
| Personal name | Lo, Grace. |
| 9 (RLIN) | 1639 |
| 942 ## - ADDED ENTRY ELEMENTS (KOHA) | |
| Source of classification or shelving scheme | Dewey Decimal Classification |
| Koha item type | Books |
| Withdrawn status | Lost status | Source of classification or shelving scheme | Damaged status | Not for loan | Home library | Current Library | Shelving location | Date acquired | Total checkouts | Full call number | Barcode | Date last seen | Copy number | Price effective from | Koha item type |
|---|---|---|---|---|---|---|---|---|---|---|---|---|---|---|---|
| Dewey Decimal Classification | GRACE BIBLE COLLEGE | GRACE BIBLE COLLEGE | Church History | 2017-03-31 | 275.12498 SWA | 006301 | 2025-05-01 | c.1 | 2017-03-31 | Books |